Home Print Resources E-Books E-Journals IIMT Lecture Series Library Membership Form Book Recommendation Form Campus Tour Take AdmissionAbout Us Contact Us

MANAGERIAL ACCOUNTING (Record no. 65718)

000 -LEADER
fixed length control field 00367nam a22001577a 4500
003 - CONTROL NUMBER IDENTIFIER
control field OSt
005 - DATE AND TIME OF LATEST TRANSACTION
control field 20250628160751.0
008 - FIXED-LENGTH DATA ELEMENTS--GENERAL INFORMATION
fixed length control field 250628b |||||||| |||| 00| 0 eng d
020 ## - INTERNATIONAL STANDARD BOOK NUMBER
International Standard Book Number 978-93-5532-470-2
040 ## - CATALOGING SOURCE
Transcribing agency IIMT UNIVERSITY
100 ## - MAIN ENTRY--PERSONAL NAME
Personal name HILTON, RONALD.W
245 ## - TITLE STATEMENT
Title MANAGERIAL ACCOUNTING
260 ## - PUBLICATION, DISTRIBUTION, ETC.
Place of publication, distribution, etc. DELHI
Name of publisher, distributor, etc. TMH
Date of publication, distribution, etc. 2023
300 ## - PHYSICAL DESCRIPTION
Extent 844
942 ## - ADDED ENTRY ELEMENTS (KOHA)
Source of classification or shelving scheme
Koha item type Text-Book- for 7 days
Holdings
Withdrawn status Lost status Source of classification or shelving scheme Damaged status Not for loan Home library Current library Date acquired Source of acquisition Inventory number Barcode Date last seen Uniform Resource Identifier Price effective from Koha item type
          IIMT UNIVERSITY CENTRAL LIBRARY ( GENERAL/ GIFTED BOOKS) IIMT UNIVERSITY CENTRAL LIBRARY ( GENERAL/ GIFTED BOOKS) 06/28/2025 NEERAJ MITTAL DONATED 28-S-4265 06/28/2025 Management Accounting 06/28/2025 Text-Book- for 7 days
IIMT, Central Library. All Rights Reserved IIMT,UNIVERSITY © 2023
Implemented and Customised by I CLOUDE EMS
You Are OPAC Visitor No
free web counter

Powered by Koha